000 00780nam a2200229Ii 4500
003 JO-AjNU
008 230605s9999||||xx |||||||||||||| ||und||
017 _a2013/4/985
020 _a978-9957-83-227-8
040 _aJO-AjNU
_bara
_erda
_cJO-AjNU
041 _aara
050 1 4 _aTA545 2014
100 3 _aقطيشات، ضياء الدين أمجد؛ م.مشارك سعاد عادل العيد,
_eauthor
_951391
245 0 0 _aالمساحة 3
250 _aالطبعة العربية 1
264 3 1 _aعمان: مكتبة المجتمع العربي للنشر والتوزيع، 2014
300 _a213ص
336 _atext
_btxt
_2rdacontent
337 _aunmediated
_bn
_2rdamedia
338 _avolume
_bnc
_2rdacarrier
650 4 _aالمساحة- الهندسة
_951392
999 _aA22696
_c26264
_d26264